[Event "Madrid-ch Previa A"]
[Site "Madrid"]
[Date "2023.02.07"]
[Round "2.35"]
[White "Cobos Ramos, Antonio"]
[Black "Jimenez Manzano, Emiliano"]
[Result "0-1"]
[WhiteElo "1163"]
[BlackElo "1551"]
[PlyCount "58"]
[EventDate "2023.02.06"]
[EventType "swiss"]
[EventRounds "9"]
[EventCountry "ESP"]
[SourceTitle "EXT 2024"]
[Source "ChessBase"]
[SourceDate "2023.10.10"]
[SourceVersion "1"]
[SourceVersionDate "2023.10.10"]
[SourceQuality "1"]

1. e4 c5 2. Nf3 e6 3. d4 cxd4 4. Nxd4 Nf6 5. e5 Qa5+ 6. Nc3 Qxe5+ 7. Be3 Bb4 8. h3 0-0 9. Bd3 Nc6 10. f3 Qxe3+ 11. Nde2 Bc5 12. Rf1 Nd4 13. Qd2 Qe5 14. 0-0-0 Nxe2+ 15. Bxe2 Be3 16. Bd3 Bxd2+ 17. Rxd2 Qc5 18. Rdd1 Qe3+ 19. Kb1 d5 20. b3 a6 21. h4 b5 22. a4 d4 23. Ne2 bxa4 24. Bc4 Nd5 25. Rxd4 Nc3+ 26. Nxc3 Qxd4 27. Nxa4 Rb8 28. Bxa6 Bxa6 29. c3 Qxa4 0-1

[Event "Madrid Los Angeles op 10th"]
[Site "Madrid"]
[Date "2016.04.10"]
[Round "2"]
[White "Largo Barbero, Benito"]
[Black "Jimenez Manzano, Emiliano"]
[Result "1-0"]
[WhiteElo "1944"]
[BlackElo "1577"]
[PlyCount "87"]
[EventDate "2016.04.03"]
[EventType "swiss"]
[EventRounds "9"]
[EventCountry "ESP"]
[SourceTitle "CBM 172 Extra"]
[Source "ChessBase"]
[SourceDate "2016.06.21"]
[SourceVersion "1"]
[SourceVersionDate "2016.06.21"]
[SourceQuality "1"]

1. d4 d5 2. Nf3 Nf6 3. Bg5 Nbd7 4. e3 h6 5. Bh4 Ne4 6. Nc3 Ndf6 7. Ne5 c6 8. Nxe4 dxe4 9. c3 Be6 10. Be2 Nd7 11. f4 exf3 12. Nxf3 Qb6 13. Qc2 g6 14. 0-0 g5 15. Bf2 Bg7 16. e4 Qd8 17. e5 Bg4 18. h3 Bh5 19. Be3 Bg6 20. Qd2 Nb6 21. Bd3 Bxd3 22. Qxd3 Qd7 23. Rae1 0-0-0 24. Qe4 e6 25. Nd2 Kb8 26. b4 Nd5 27. Qc2 Bxe5 28. Ne4 Nxe3 29. Rxe3 Bxd4 30. cxd4 Qxd4 31. Qc3 Qxc3 32. Rxc3 Rd4 33. Nc5 b6 34. Nd3 f5 35. Ne5 Kb7 36. Nxc6 Rd5 37. Rfc1 Re8 38. a4 e5 39. b5 e4 40. Nb4 Rd7 41. Na6 Ree7 42. Rc8 Rd1+ 43. Kh2 Re8 44. R1c7# 1-0

[Event "Madrid San Viator op-B 25th"]
[Site "Madrid"]
[Date "2015.11.08"]
[Round "7"]
[White "Sadaba Rodriguez, Igor"]
[Black "Jimenez Manzano, Emiliano"]
[Result "1-0"]
[WhiteElo "1693"]
[BlackElo "1550"]
[PlyCount "111"]
[EventDate "2015.10.04"]
[EventType "swiss"]
[EventRounds "9"]
[EventCountry "ESP"]
[SourceTitle "EXT 2019"]
[Source "ChessBase"]
[SourceDate "2018.10.10"]
[SourceVersion "1"]
[SourceVersionDate "2018.10.10"]
[SourceQuality "1"]

1. d4 Nf6 2. c4 g6 3. Nc3 Bg7 4. e4 d6 5. h3 0-0 6. Bg5 e5 7. dxe5 dxe5 8. Qxd8 Rxd8 9. Nd5 Nbd7 10. 0-0-0 Rf8 11. Nxc7 Rb8 12. f3 h6 13. Be3 b6 14. Ne2 Ne8 15. Nd5 Ndf6 16. Ne7+ Kh7 17. Nxc8 Rxc8 18. Nc3 Nc7 19. Be2 Nh5 20. Bf2 Nf4 21. g3 Nxe2+ 22. Nxe2 Na6 23. Kb1 Rxc4 24. Rd7 Rc7 25. Rxc7 Nxc7 26. Rd1 Kg8 27. Rd7 Rc8 28. a4 Bf8 29. Be3 h5 30. Bg5 Ne6 31. Bf6 Rc7 32. Rxc7 Nxc7 33. Bxe5 Ne6 34. Bb8 a5 35. Ba7 Bc5 36. f4 Be3 37. Kc2 Kf8 38. Kd3 Bc5 39. Kc4 b5+ 40. Kxb5 Bxa7 41. Kxa5 Nc7 42. b4 Ke7 43. b5 Ne6 44. b6 Bb8 45. Kb5 Kd7 46. a5 Kc8 47. a6 Nc7+ 48. bxc7 Kxc7 49. Nd4 Ba7 50. Nc6 Bf2 51. g4 hxg4 52. hxg4 f6 53. Ne7 g5 54. Nd5+ Kb8 55. fxg5 fxg5 56. e5 1-0

[Event "Famalicao op 3rd"]
[Site "Famalicao"]
[Date "2015.08.06"]
[Round "6"]
[White "Pires, Gustavo"]
[Black "Jimenez Manzano, Emiliano"]
[Result "1-0"]
[WhiteElo "2098"]
[BlackElo "1548"]
[PlyCount "89"]
[EventDate "2015.08.02"]
[EventType "swiss"]
[EventRounds "7"]
[EventCountry "POR"]
[SourceTitle "CBM 167 Extra"]
[Source "ChessBase"]
[SourceDate "2015.09.14"]
[SourceVersion "1"]
[SourceVersionDate "2015.09.14"]
[SourceQuality "1"]

1. e4 d6 2. d4 Nf6 3. Nc3 e5 4. Nf3 exd4 5. Nxd4 Be7 6. Bc4 0-0 7. 0-0 a6 8. Re1 Ng4 9. Nd5 Ne5 10. Nxe7+ Qxe7 11. Bf1 Nbc6 12. b3 Nxd4 13. Qxd4 Bg4 14. Bb2 Qf6 15. Re3 Be6 16. g3 Nd7 17. Qxf6 Nxf6 18. Bxf6 gxf6 19. Bg2 Rad8 20. Rd1 Rd7 21. Red3 Re7 22. Rc3 f5 23. exf5 Bxf5 24. Bxb7 a5 25. Kg2 Rb8 26. Bf3 Be6 27. Rd4 Rb5 28. Rc6 Re5 29. Ra6 Bd7 30. Bc6 Rc5 31. Bxd7 Rxd7 32. Rc4 Rxc4 33. bxc4 Re7 34. Kf3 Re5 35. Rc6 Re7 36. c5 Rd7 37. cxd6 cxd6 38. Ke4 Kf8 39. Ra6 Re7+ 40. Kd3 Re6 41. Rxa5 Ke7 42. Ra4 h6 43. Re4 Kd7 44. Rxe6 fxe6 45. g4 1-0

[Event "Madrid Codes Memorial 9th"]
[Site "Madrid"]
[Date "2015.04.12"]
[Round "2"]
[White "Savchuk, Olga"]
[Black "Jimenez Manzano, Emiliano"]
[Result "1/2-1/2"]
[WhiteElo "1614"]
[BlackElo "1517"]
[PlyCount "117"]
[EventDate "2015.03.29"]
[EventType "swiss"]
[EventRounds "9"]
[EventCountry "ESP"]
[SourceTitle "EXT 2019"]
[Source "ChessBase"]
[SourceDate "2018.10.10"]
[SourceVersion "1"]
[SourceVersionDate "2018.10.10"]
[SourceQuality "1"]

1. e4 c5 2. Nf3 d6 3. d4 cxd4 4. Nxd4 Nf6 5. Nc3 Nc6 6. h3 a6 7. Be3 g6 8. Be2 Bg7 9. 0-0 0-0 10. Qd2 Nxd4 11. Bxd4 Qa5 12. Rad1 Ne8 13. Bxg7 Nxg7 14. Bc4 b5 15. Bd5 Rb8 16. Qg5 Qc7 17. Bb3 Be6 18. Nd5 Bxd5 19. Rxd5 Ne6 20. Qe3 Nc5 21. Rfd1 Nxb3 22. Qxb3 Qc4 23. e5 Qxb3 24. axb3 dxe5 25. Rxe5 e6 26. Rd6 Ra8 27. Rc5 Rfd8 28. Rcc6 Rxd6 29. Rxd6 Kf8 30. b4 Ke7 31. Rd3 Rd8 32. Ra3 Rd1+ 33. Kh2 Rd2 34. Rxa6 Rxf2 35. Ra5 Rxc2 36. Rxb5 Rxb2 37. Rb7+ Kf6 38. b5 e5 39. b6 e4 40. Rb8 e3 41. Re8 Rxb6 42. Rxe3 Rb5 43. Ra3 h5 44. Ra6+ Kf5 45. Ra7 f6 46. Rf7 Rb2 47. Kg3 h4+ 48. Kf3 Rb3+ 49. Kf2 g5 50. Rf8 Kg6 51. Ra8 Rb5 52. Ra6 Rf5+ 53. Ke3 Kh5 54. Ra4 Re5+ 55. Kf3 f5 56. Rb4 g4+ 57. hxg4+ fxg4+ 58. Rxg4 Rf5+ 59. Rf4 1/2-1/2

[Event "Madrid San Viator op 23rd"]
[Site "Madrid"]
[Date "2014.10.05"]
[Round "2"]
[White "Rodriguez Lucena, Angel"]
[Black "Jimenez Manzano, Emiliano"]
[Result "1-0"]
[WhiteElo "1741"]
[BlackElo "1490"]
[PlyCount "35"]
[EventDate "2014.09.28"]
[EventType "swiss"]
[EventRounds "9"]
[EventCountry "ESP"]
[SourceTitle "EXT 2016"]
[Source "ChessBase"]
[SourceDate "2015.10.08"]
[SourceVersion "1"]
[SourceVersionDate "2015.10.08"]
[SourceQuality "1"]

1. e4 d5 2. exd5 Qxd5 3. Nc3 Qa5 4. d4 Bf5 5. Bc4 Nf6 6. Bd2 c6 7. Ne4 Qd8 8. Nxf6+ gxf6 9. c3 Nd7 10. Ne2 Bg4 11. f3 Bh5 12. Ng3 Bg6 13. Qe2 a5 14. Ne4 e5 15. 0-0 Qc7 16. f4 Bxe4 17. Qxe4 b5 18. Bxb5 1-0

[Event "Madrid Codes Memorial 8th"]
[Site "Madrid"]
[Date "2014.04.13"]
[Round "4"]
[White "Jimenez Manzano, Emiliano"]
[Black "Melcon Diez, Enrique"]
[Result "0-1"]
[WhiteElo "1481"]
[BlackElo "1606"]
[PlyCount "56"]
[EventDate "2014.03.23"]
[EventType "swiss"]
[EventRounds "9"]
[EventCountry "ESP"]
[SourceTitle "EXT 2015"]
[Source "ChessBase"]
[SourceDate "2014.11.20"]
[SourceVersion "1"]
[SourceVersionDate "2014.11.20"]
[SourceQuality "1"]

1. e4 c5 2. Nf3 g6 3. d4 cxd4 4. Nxd4 Bg7 5. c3 Nc6 6. Be3 Qa5 7. Nxc6 bxc6 8. Nd2 Nf6 9. f3 0-0 10. Bd3 Rb8 11. 0-0 d5 12. Nb3 Qc7 13. exd5 cxd5 14. Qe2 Nh5 15. Qd2 e5 16. Qf2 Nf4 17. Bxf4 exf4 18. Rab1 Rd8 19. Nd4 Bd7 20. Rfe1 Re8 21. Rxe8+ Rxe8 22. Bb5 Bxd4 23. Qxd4 Bxb5 24. Qxd5 Qb6+ 25. Kh1 Qf2 26. h3 Bf1 27. Rxf1 Qxf1+ 28. Kh2 Qf2 0-1

[Event "Madrid-ch"]
[Site "Madrid"]
[Date "2014.02.22"]
[Round "7"]
[White "Jimenez Manzano, Emiliano"]
[Black "Enfedaque Jimenez, Juan Carlos"]
[Result "0-1"]
[WhiteElo "1481"]
[BlackElo "1745"]
[PlyCount "98"]
[EventDate "2014.02.06"]
[EventType "swiss"]
[EventRounds "9"]
[EventCountry "ESP"]
[SourceTitle "CBM 159 Extra"]
[Source "ChessBase"]
[SourceDate "2014.04.24"]
[SourceVersion "1"]
[SourceVersionDate "2014.04.24"]
[SourceQuality "1"]

1. c4 e5 2. Nc3 Bb4 3. Nf3 Bxc3 4. bxc3 d6 5. d3 h6 6. g3 Nf6 7. Bg2 Nc6 8. Qb3 Rb8 9. Ba3 b6 10. 0-0 0-0 11. Ne1 Bb7 12. e4 Bc8 13. f4 exf4 14. Rxf4 Be6 15. Qc2 Ng4 16. Bc1 Nge5 17. Rb1 Ng6 18. Rf1 Qd7 19. Be3 Nce5 20. Nf3 f5 21. Nd4 Ng4 22. Bc1 fxe4 23. Rxf8+ Rxf8 24. Nxe6 Qxe6 25. dxe4 Qxc4 26. Qb3 Qxb3 27. axb3 a5 28. Ba3 Re8 29. Re1 N6e5 30. h3 Nf6 31. Re3 a4 32. c4 axb3 33. Rc3 Ra8 34. Rxb3 Nxc4 35. Bb2 Nxb2 36. Rxb2 Ra5 37. Rc2 Rc5 38. Re2 Kf7 39. Kf2 Ke6 40. g4 Ke5 41. Re3 b5 42. Ke1 Rc2 43. Bf1 b4 44. Bd3 Rc3 45. Kd2 c5 46. Bb1 Kd4 47. Rd3+ Rxd3+ 48. Bxd3 Nxe4+ 49. Ke2 c4 0-1

[Event "Madrid-ch"]
[Site "Madrid"]
[Date "2014.02.21"]
[Round "6"]
[White "Soto Martin, Miguel"]
[Black "Jimenez Manzano, Emiliano"]
[Result "1-0"]
[WhiteElo "1645"]
[BlackElo "1481"]
[PlyCount "71"]
[EventDate "2014.02.06"]
[EventType "swiss"]
[EventRounds "9"]
[EventCountry "ESP"]
[SourceTitle "CBM 159 Extra"]
[Source "ChessBase"]
[SourceDate "2014.04.24"]
[SourceVersion "1"]
[SourceVersionDate "2014.04.24"]
[SourceQuality "1"]

1. d4 Nf6 2. Nf3 d5 3. c4 c6 4. b3 Bf5 5. Bb2 e6 6. e3 Bd6 7. Bd3 Bxd3 8. Qxd3 dxc4 9. bxc4 Nbd7 10. e4 0-0 11. e5 Bb4+ 12. Nbd2 Ne8 13. 0-0 Be7 14. Rfe1 Nc7 15. Ne4 b5 16. Nfd2 Nxe5 17. Qc3 Nd7 18. d5 Nf6 19. dxc6 bxc4 20. Qxc4 Ncd5 21. Rac1 Qc7 22. Nf3 Rab8 23. Be5 Qb6 24. Bxb8 Rxb8 25. Ne5 Qc7 26. Nxf6+ Nxf6 27. Nd3 Nd5 28. Rb1 Bd6 29. h3 h6 30. a4 a5 31. Rb5 Nb4 32. Nxb4 Bxb4 33. Rd1 Rd8 34. Rxd8+ Qxd8 35. c7 Qd1+ 36. Qf1 1-0

[Event "Madrid San Viator op 21st"]
[Site "Madrid"]
[Date "2013.10.20"]
[Round "5"]
[White "Jimenez Manzano, Emiliano"]
[Black "Martinez Montalvo, Eduardo"]
[Result "0-1"]
[WhiteElo "1493"]
[BlackElo "1823"]
[PlyCount "62"]
[EventDate "2013.09.29"]
[EventType "swiss"]
[EventRounds "9"]
[EventCountry "ESP"]
[SourceTitle "EXT 2015"]
[Source "ChessBase"]
[SourceDate "2014.11.20"]
[SourceVersion "1"]
[SourceVersionDate "2014.11.20"]
[SourceQuality "1"]

1. e4 d5 2. exd5 Nf6 3. Nc3 Nxd5 4. Nxd5 Qxd5 5. Nf3 Bg4 6. Be2 Nc6 7. c3 e5 8. d3 0-0-0 9. h3 Bf5 10. 0-0 Bxd3 11. Bxd3 Qxd3 12. Qb3 Qd5 13. Be3 Qxb3 14. axb3 a6 15. Ng5 Rd7 16. Rfd1 Bd6 17. b4 h6 18. Ne4 f5 19. Nxd6+ Rxd6 20. Rxd6 cxd6 21. Bb6 Kd7 22. f3 Ne7 23. c4 Rc8 24. c5 dxc5 25. Rd1+ Ke6 26. Re1 e4 27. g4 g6 28. Kf2 Nc6 29. fxe4 fxe4 30. Rc1 Nxb4 31. Ke3 Ke5 0-1

[Event "Madrid San Viator op 21st"]
[Site "Madrid"]
[Date "2013.10.13"]
[Round "4"]
[White "Villanueva Ortega, Ruben"]
[Black "Jimenez Manzano, Emiliano"]
[Result "1-0"]
[WhiteElo "1782"]
[BlackElo "1493"]
[PlyCount "81"]
[EventDate "2013.09.29"]
[EventType "swiss"]
[EventRounds "9"]
[EventCountry "ESP"]
[SourceTitle "EXT 2015"]
[Source "ChessBase"]
[SourceDate "2014.11.20"]
[SourceVersion "1"]
[SourceVersionDate "2014.11.20"]
[SourceQuality "1"]

1. e4 c6 2. d4 d5 3. exd5 Qxd5 4. c4 Qd8 5. Nc3 Nf6 6. Nf3 e6 7. Bg5 Be7 8. Be2 Nbd7 9. 0-0 Nb6 10. a3 Nfd7 11. Bf4 Nf8 12. c5 Nd5 13. Nxd5 exd5 14. Bd3 Ne6 15. Be3 h6 16. Ne5 Bf6 17. Qh5 Bxe5 18. Qxe5 Qc7 19. Qh5 g6 20. Qf3 f5 21. Rfe1 Qf7 22. Bf4 Bd7 23. Be5 Rg8 24. b4 0-0-0 25. Rab1 a6 26. a4 Rde8 27. b5 Nc7 28. bxa6 bxa6 29. Rb6 Kd8 30. Reb1 Rxe5 31. dxe5 Qe7 32. Qe2 Qe6 33. Bxa6 Ke7 34. Bd3 Ra8 35. Qd2 g5 36. Rb7 Ne8 37. a5 Kf8 38. a6 Bc8 39. R7b6 Nc7 40. Qe2 g4 41. Rb8 1-0